000 01350nam a2200325 a 4500
001
003 DO-SdBNP
005 20250617124942.0
008 081204s2019 dr r 001 0 spa d
020 _a9789945613209
020 _a
040 _aDO-SdBNP
_bspa
_cBNPHU
082 4 _a282.7293
_bC322o
_222
245 0 0 _a Cartas de los obispos y arzobispos de la Isla Española :
_b(1529-1611) /
_ccuidado de la edición, Genaro Rodríguez Morel.
260 _aSanto Domingo :
_bArchivo General de la Nación,
_c2019.
300 _a352 p. ;
_c27 cm.
490 _aArchivo General de la Nación
_v356
500 _aIncluye índice
500 _aIncluye índice onomástico
500 _aIncluye datos biográficos del editor en las solapas
590 _aInventariado, 2020/VM
610 1 4 _aIglesia Católica
_977520
_zRepública Dominicana
_xObispos
_y1529-1611
_vCorrespondencias
610 1 4 _aIglesia Católica
_zRepública Dominicana
_xArzobispos
_y1529-1611
_vCorrespondencias
_978499
651 4 _aRepública Dominicana
_xHistoria eclesiástica.
_y1529-1611
_9305
_vFuentes
700 1 _a Herrera R., Rafael Darío,
_d1955-
_q (Herrera Rodríguez),
_9306
711 2 _aFeria del Libro en Madrid
_d(18a. )
_977521
830 _aArchivo General de la Nación
_n356
_977522
910 _aVMateo/Validado. Control de calidad MFF
942 _2ddc
_cLBS1
999 _c49240
_d49240